• 首页
  • 本馆介绍
  • 公告通知
  • 最新文献
  • 馆藏检索
  • 电子资源
  • 读者导购
  • 参考咨询
  • 我的图书馆
  • 登录
  • 详细信息显示
  • 放入我的书架
  • 预约/预借图书
  • 作者相关作品
  • 分类相关作品
  • 丛书相关作品
  • 出版社相关作品

书目信息

  • 表格格式
  • 工作单格式
  • 卡片格式
题名:
战略规划三部曲
    
 
作者: 唐东方 著
分册:  
出版信息: 北京   中国经济出版社  2013
页数: 349页
开本: 24cm
丛书名: 东方战略实战管理丛书
单 册:
中图分类: F272.1
科图分类:
主题词: 企业战略--研究 , 企业战略
电子资源:
ISBN: 978-7-5136-2684-2
000 01110nam0 22002891 450
001 524
005 20140909091530.98
010    @a978-7-5136-2684-2@dCNY56.00
100    @a20130827d2013 em y0chiy50 ea
101 0  @achi
102    @aCN@b110000
105    @ay z 000yy
106    @ar
200 1  @a战略规划三部曲@AZhan Lue Gui Hua San Bu Qu@e方法·实务·案例@dStrategic planning trilogy@emethods & practice & case@f唐东方著@zeng
205    @a2版
210    @a北京@c中国经济出版社@d2013
215    @a349页@d24cm
225 2  @a东方战略实战管理丛书@f唐东方主编
330    @a本书是一本关于战略制定的实战书籍,它阐述了发展战略理论及思想,详细介绍了发展战略制定的思想、方法与技巧,并在文中穿插了大量的实战案例。内容包括:发展战略概述、外部环境分析、企业内部分析、发展战略规划、发展战略案例。
461  0 @12001 @a东方战略实战管理丛书
510 1  @aStrategic planning trilogy@emethods & practice & case@zeng
606 0  @a企业战略@x研究
606 0  @a企业战略
690    @aF272.1@v5
701  0 @a唐东方@ATang Dong Fang@4著
801  0 @aCN@bTANGWEI@c20140603
905    @b0836430-32@dF272.1@e1012=2@f3
    
    战略规划三部曲:方法·实务·案例=Strategic planning trilogy:methods & practice & case/唐东方著.-2版.-北京:中国经济出版社,2013
    349页;24cm.-(东方战略实战管理丛书/唐东方主编)
    
    
    ISBN 978-7-5136-2684-2:CNY56.00
    本书是一本关于战略制定的实战书籍,它阐述了发展战略理论及思想,详细介绍了发展战略制定的思想、方法与技巧,并在文中穿插了大量的实战案例。内容包括:发展战略概述、外部环境分析、企业内部分析、发展战略规划、发展战略案例。
●
相关链接 在E读中查询图书 在五车中查询图书 在当当中查询图书 在豆瓣中查询图书


正题名:战略规划三部曲     索取号:F272.1/1012=2         预约/预借

序号 登录号 条形码 馆藏地/架位号 状态 备注
1 0836430   208364303   第一样本阅览室/ [索取号:F272.1/1012=2] 在馆    
2 0836431   208364312   经管系资料室/ [索取号:F272.1/1012=2] 在馆    
3 0836432   208364321   第一借阅区/ [索取号:F272.1/1012=2] 在馆    
唐山师范学院图书馆 欢迎您!
大连网信软件有限公司© 版权所有